Nové trendy v rozvoji manažmentu výroby a logistiky

Zhrnutie najdôležitejších novodobých trendov v manažmente výroby a nadväzne aj v logistike. Ide o päť hlavných okruhov, ktoré budú predmetom ďalšieho výskumu a využitia v praxi.

Guardado en:
Detalles Bibliográficos
Autor principal: Leščišin, Michal
Formato: Capítulo de libro
Lenguaje:eslovaco
Materias:
Etiquetas: Agregar Etiqueta
Sin Etiquetas, Sea el primero en etiquetar este registro!

MARC

LEADER 00000naa$a2200000$$$4500
001 0022789
005 20221207121634.9
041 0 |a slo 
044 |a SK 
245 1 0 |a Nové trendy v rozvoji manažmentu výroby a logistiky  |c Michal Leščišin 
520 |a Zhrnutie najdôležitejších novodobých trendov v manažmente výroby a nadväzne aj v logistike. Ide o päť hlavných okruhov, ktoré budú predmetom ďalšieho výskumu a využitia v praxi. 
610 2 0 |a riadenie výroby 
610 2 0 |a manažment 
610 2 0 |a zmeny štruktúrne 
610 2 0 |a logistika 
610 2 0 |a výroba 
610 2 0 |a zákazníci 
100 1 |a Leščišin, Michal